000 01403nam a22003737a 4500
003 CHAP
005 20220817041147.0
008 971013s1983 r 00010 d
010 _a7652
011 _a8624
035 _a7853
040 _cCHAP
082 _a581.15
_bD4 v.1
100 0 0 _aTanksley, Steven D.
_eed
_9111593
245 _aIsozyme
_b: in plant genetics and breeding
260 _aAmsterdam :
_bElsevier,
_c1983
300 _a2 v
490 _aDevelopments in plant genetics and breeding
_v; 1,A-B
590 _aBATCH-UPD
_b10
_c20130110
_lUCH01
_h0923
590 _aBATCH-UPD
_b10
_c20130410
_lUCH01
_h0545
590 _aBATCH-UPD
_b10
_c20130914
_lUCH01
_h1312
590 _aCONVERSION
_b10
_c20130109
_lUCH01
_h1305
650 1 4 _aEnzimas.
_937195
650 1 4 _aGenética vegetal.
650 1 4 _aPlantas
_xMejoramiento.
_988849
700 0 _aOrton, Thomas J.
_eed
_984145
830 0 _aDevelopments in plant genetics and breeding
_v; 1,A-B
_932297
901 _aBK
942 _cLIBRO
949 _a581.15 D4 v.1
_bBC
_cLIBRO
_d33724000544631
_eLIBRO
_fB
_gI. 136175
_h70761
_i7853
_si
_t101.40
949 _a581.15 D4 v.1
_bBC
_cLIBRO
_d33724000544649
_eLIBRO
_fA
_h70760
_i7853
_si
_t101.40
949 _a581.15 D4 v.1
_bBC
_cLIBRO
_d33724000544722
_eLIBRO
_fA c.2
_gI. 151271
_h77805 rep
_i7853
_si
_t101.40
949 _a581.15 D4 v.1
_bBC
_cLIBRO
_d33724000544730
_eLIBRO
_fB c.2
_gI. 151267
_h77806
_i7853
_si
_t444.40
999 _c7652
_d7652